000 00497nam a22001937a 4500
003 LK-CoDNM
005 20241220150641.0
008 241220b |||||||| |||| 00| 0 eng d
040 _aLK-CoDNM
_dLK-CoDNM
_eLK-CoDNM
041 _aeng
080 _a2
_bR28
100 _aL.A. Borradaile
245 _aPelagic crustacea decapoda of the percy sladen expendition in H.M.S. " Sealark "
260 _c1913
300 _b14p. : ill ; 28 cm
650 _a1913
650 _aScience
942 _cBK
999 _c233871
_d233871